Vieja y nueva ética

Збережено в:
Бібліографічні деталі
Автор: Reiner, Hans (Автор)
Формат: Книга
Мова:Іспанська
Опубліковано: Madrid Revista de Occidente 1964
Предмети:
Теги: Додати тег
Немає тегів, Будьте першим, хто поставить тег для цього запису!

MARC

LEADER 00000nam a2200000 a 4500
001 UCZ2354
003 CL-VaPUC
008 950929e19640000SP |||||||||||||||||spa|d
082 0 4 |a 170  |b REI  |2 21 
100 0 |a Reiner, Hans  |e author  |9 346127 
245 1 0 |a Vieja y nueva ética 
300 |a 375 p 
942 |c BK 
945 |d 19950929 00:00:00  |a cmena 
260 |a Madrid  |b Revista de Occidente  |c 1964 
650 0 |a Ética  |9 255099 
650 0 |a Conceptos morales   |9 310606 
650 0 |a Fenomenología  |9 256519 
650 0 |a Tomismo  |9 259214 
650 0 |a Libre albedrío  |9 334583 
583 |a last modification  |c 19950929 00:00:00  |k Rodrigo Vera 
999 |c 238980  |d 238978 
952 |0 0  |1 0  |4 0  |6 170_000000000000000_REI_1964  |7 0  |8 A  |9 249718  |a BIBEDU  |b BIBEDU  |d 2019-11-18  |i 1567373  |l 4  |m 2  |o 170 REI 1964  |p 1567373  |q 2024-08-02  |r 2024-07-03  |s 2024-07-03  |w 2019-11-18  |y BK  |k FIL